Structured Light and its Applications : (Record no. 13351)
[ view plain ]
| 000 -LEADER | |
|---|---|
| fixed length control field | 01301cam a22003137a 4500 |
| 001 - CONTROL NUMBER | |
| control field | 15335130 |
| 005 - DATE AND TIME OF LATEST TRANSACTION | |
| control field | 20080918151622.0 |
| 008 - FIXED-LENGTH DATA ELEMENTS--GENERAL INFORMATION | |
| fixed length control field | 080618s2008 ne a | b 001 0 eng d |
| 010 ## - LIBRARY OF CONGRESS CONTROL NUMBER | |
| LC control number | 2008274400 |
| 020 ## - INTERNATIONAL STANDARD BOOK NUMBER | |
| International Standard Book Number | 0123740274 |
| 035 ## - SYSTEM CONTROL NUMBER | |
| System control number | (OCoLC)ocn191244950 |
| 040 ## - CATALOGING SOURCE | |
| Original cataloging agency | YDXCP |
| Transcribing agency | YDXCP |
| Modifying agency | BTCTA |
| -- | BAKER |
| -- | BWX |
| -- | UUM |
| -- | IXA |
| -- | DLC |
| 042 ## - AUTHENTICATION CODE | |
| Authentication code | lccopycat |
| 050 00 - LIBRARY OF CONGRESS CALL NUMBER | |
| Classification number | QC446.2 |
| Item number | .S776 2008 |
| 082 00 - DEWEY DECIMAL CLASSIFICATION NUMBER | |
| Classification number | 621.36 |
| Edition number | 22 |
| Item number | AND |
| 245 00 - TITLE STATEMENT | |
| Title | Structured Light and its Applications : |
| Remainder of title | An Introduction to Phase-Structured Beams and Nanoscale Optical Forces / |
| Statement of responsibility, etc | [Edited by] David L. Andrews. |
| 260 ## - PUBLICATION, DISTRIBUTION, ETC. (IMPRINT) | |
| Place of publication, distribution, etc | Amsterdam : |
| Name of publisher, distributor, etc | Academic, |
| Date of publication, distribution, etc | c2008. |
| 300 ## - PHYSICAL DESCRIPTION | |
| Extent | xiii, 341 p. : |
| Other physical details | ill. ; |
| Dimensions | 24 cm. |
| 504 ## - BIBLIOGRAPHY, ETC. NOTE | |
| Bibliography, etc | Includes bibliographical references and index. |
| 650 #0 - SUBJECT ADDED ENTRY--TOPICAL TERM | |
| Topical term or geographic name as entry element | Quantum optics. |
| 9 (RLIN) | 11223 |
| 650 #0 - SUBJECT ADDED ENTRY--TOPICAL TERM | |
| Topical term or geographic name as entry element | Beam optics. |
| 9 (RLIN) | 11224 |
| 650 #0 - SUBJECT ADDED ENTRY--TOPICAL TERM | |
| Topical term or geographic name as entry element | Nanostructures |
| General subdivision | Optical properties. |
| 9 (RLIN) | 11225 |
| 650 #0 - SUBJECT ADDED ENTRY--TOPICAL TERM | |
| Topical term or geographic name as entry element | Gaussian beams. |
| 9 (RLIN) | 11226 |
| 700 1# - ADDED ENTRY--PERSONAL NAME | |
| Personal name | Andrews, David L., |
| Dates associated with a name | 1952- |
| 9 (RLIN) | 11227 |
| 856 42 - ELECTRONIC LOCATION AND ACCESS | |
| Materials specified | Publisher description |
| Uniform Resource Identifier | <a href="http://www.loc.gov/catdir/enhancements/fy0835/2008274400-d.html">http://www.loc.gov/catdir/enhancements/fy0835/2008274400-d.html</a> |
| 942 ## - ADDED ENTRY ELEMENTS (KOHA) | |
| Source of classification or shelving scheme | Dewey Decimal Classification |
| Item type | Book - Borrowing |
| Withdrawn status | Item status | Source of classification or shelving scheme | Damaged status | Not for loan | Vendor | Home library | Current library | Shelving location | Date acquired | Source of acquisition | Cost, normal purchase price | Serial Enumeration / chronology | Total Checkouts | Full call number | Barcode | Date last seen | Koha item type |
|---|---|---|---|---|---|---|---|---|---|---|---|---|---|---|---|---|---|
| Dewey Decimal Classification | Alahram | Central Library | Central Library | First floor | 10/02/2010 | 897.00 | 38 | 621.36 AND | 000019722 | 15/07/2025 | Book - Borrowing |